The simpsons Characters Quiz Stats

 Plays Quiz not verified by Sporcle

Challenge
Share
Tweet
Embed
Score 0/63 Timer 10:00
0 Plays Today
Characters % Correct
Homer Simpson
96.9%
Marge Simpson
93.8%
Bart Simpson
93.8%
Lisa Simpson
90.6%
Moe
76.6%
Maggie Simpson
73.4%
Abe Simpson
70.3%
Ned Flanders
68.8%
Mr Burns
64.1%
Barney Gumble
62.5%
Chief Wiggum
62.5%
Ralph Wiggum
62.5%
Apu
60.9%
Milhouse Van Houten
60.9%
Skinner
57.8%
Krusty the clown
56.3%
Waylon Smithers
54.7%
Carl Carlson
53.1%
Todd Flanders
51.6%
Selma
51.6%
Comic book guy
50%
Nelson Muntz
50%
Patty
50%
Rod Flanders
48.4%
Otto
48.4%
Lenny Leonard
46.9%
Groundskeeper Willie
45.3%
Maude Flanders
42.2%
Snake
42.2%
Lou
40.6%
Sideshow Bob
39.1%
Eddie
39.1%
Characters % Correct
Santas little helper
37.5%
Snowball
37.5%
Mona Simpson
34.4%
Helen Lovejoy
34.4%
Cletus
34.4%
Itchy
34.4%
Scratchy
34.4%
Mayor Quimby
32.8%
Dr Nick
32.8%
Kirk Van Houten
32.8%
Dr hibbert
31.3%
Rev. Lovejoy
31.3%
Martin Prince
31.3%
Proffessor Frink
28.1%
Mole Man
28.1%
Kang
26.6%
Kodos
26.6%
Luann Van Houten
25%
Duffman
23.4%
Fat Tony
23.4%
Agnes
18.8%
Kent Brockman
17.2%
Brandine
15.6%
Gary Chalmers
14.1%
Disco Stu
10.9%
Lionel Hutz
9.4%
Troy Mclure
7.8%
Jasper Beardly
7.8%
Mrs Krabappel
6.3%
Crazy Cat Lady
4.7%
Rainer Wolfcastle
0%

You're not logged in!

Compare scores with friends on all Sporcle quizzes.
Join for Free
OR
Log In

You Might Also Like...

Show Comments

Extras

Created Jun 6, 2010ReportFavoriteNominate
Tags:character

Top Quizzes Today


Score Distribution

Your Account Isn't Verified!

In order to create a playlist on Sporcle, you need to verify the email address you used during registration. Go to your Sporcle Settings to finish the process.

Report this User

Report this user for behavior that violates our Community Guidelines.

Details: